000 00334nam a22001457a 4500
999 _c58008
_d58005
020 _a9699739401
020 _a978-9699739408
082 _a954.9205HAQ
100 _aDalim, Shariful Haq
245 _aBangladesh Untold Facts
260 _aLahore:
_bJumhoori Pub,
_c2015.
300 _a460p. ;
650 _aBangladesh
942 _cBK